BIBLIOTECA PODER JUDICIAL
Portal Judicial TDF

Teoría y técnica del proceso civil / (Registro nro. 1702)

000 -LEADER
fixed length control field 00920nam a22002057a 4500
003 - CONTROL NUMBER IDENTIFIER
control field OSt
005 - DATE AND TIME OF LATEST TRANSACTION
control field 20181023074012.0
008 - FIXED-LENGTH DATA ELEMENTS--GENERAL INFORMATION
fixed length control field 180226b xxu||||| |||| 00| 0 spa d
040 ## - CATALOGING SOURCE
Transcribing agency PJ
100 ## - ASIENTO PRINCIPAL - NOMBRE DE PERSONA
9 (RLIN) 2047
Personal name Podetti, J. Ramiro
245 10 - MENCIÓN DE TÍTULO
Título propiamente dicho Teoría y técnica del proceso civil /
Mención de responsabilidad, etc J. Ramiro Podetti.
260 ## - PUBLICATION, DISTRIBUTION, ETC. (IMPRINT)
Place of publication, distribution, etc Buenos Aires :
Name of publisher, distributor, etc Ediar,
Date of publication, distribution, etc 1963.
300 ## - DESCRIPCION FISICA
Extent 421 p.
Dimensions 23 cm.
505 ## - FORMATTED CONTENTS NOTE
Formatted contents note Contenido:<br/>El proceso civil -- El proceso civil en el derecho español antiguo -- El proceso civil moderno -- Nociones generales -- Principios procesales -- Órganos del proceso -- Elementos del proceso -- Desarrollo procesal -- Técnica del proceso civil -- Trilogía estructural de la ciencia del proceso civil.
650 #0 - ASIENTO SECUNDARIO DE MATERIA - TERMINO TEMATICO
9 (RLIN) 1148
Topical term or geographic name as entry element DERECHO PROCESAL CIVIL
650 #0 - ASIENTO SECUNDARIO DE MATERIA - TERMINO TEMATICO
9 (RLIN) 1953
Topical term or geographic name as entry element PROCEDIMIENTO CIVIL
650 #0 - ASIENTO SECUNDARIO DE MATERIA - TERMINO TEMATICO
9 (RLIN) 2401
Topical term or geographic name as entry element PROCESO JUDICIAL
650 #0 - ASIENTO SECUNDARIO DE MATERIA - TERMINO TEMATICO
9 (RLIN) 2120
Topical term or geographic name as entry element PRINCIPIOS PROCESALES
942 ## - ADDED ENTRY ELEMENTS (KOHA)
Source of classification or shelving scheme
Koha item type Libros
Classification part 347.91/.95
Item part POD
Existencias
Withdrawn status Lost status Source of classification or shelving scheme Damaged status Not for loan Permanent Location Current Location Date acquired Full call number Barcode Date last seen Price effective from Koha item type
          Biblioteca Poder Judicial Norte Biblioteca Poder Judicial Norte 2018-10-23 347.91/.95 POD RG 1957 2024-12-02 2018-10-23 Libros
          Biblioteca Poder Judicial Sur Biblioteca Poder Judicial Sur 2018-10-23 347.91/.95 POD 0386 2018-10-23 2018-10-23 Libros

12 de Octubre 789 Ushuaia - Tel:  54(02901)441571
Horario de Atención: 8.00 a 17.00 hs. 
bibliotecaush@justierradelfuego.gov.ar
koha@justierradelfuego.gov.ar
Seguinos en nuestras redes @bibliojustdf 

Con tecnología Koha